00433nam a22001337a 450000500170000000800410001704100230005808200130008110000230009424500390011726000860015630000310024265000260027320240823083928.0240823b |||||||| |||| 00| 0 eng d aEnglish/Afrikaans  a349 LAW  lEnglish/Afrikaans  aThe Laws of South West Africa 1972 aWindhoek: bOrder of the Honourable the Administrator of South West Africac1972  blxxi, 304 pages; c25 cm.  aLegal practice bLaw